[Event "K41 Aabent Mesterskab 2006-07"]
[Site "Valby"]
[Date "2006.11.14"]
[Round "1"]
[White "Andersen, Niels Erik"]
[Black "Kristensen, Steffen Michael"]
[Result "1-0"]
[WhiteElo "1860"]
[BlackElo "1275"]
[PlyCount "53"]
[EventDate "2006.??.??"]

1. d4 d5 2. c4 c6 3. Nf3 Nf6 4. e3 g6 5. Nc3 Bg7 6. Bd3 Bg4 7. h3 Bxf3 8. Qxf3
O-O 9. O-O Nbd7 10. Rd1 e5 11. cxd5 cxd5 12. Nxd5 exd4 13. exd4 Nxd5 14. Qxd5
Qc7 15. Be3 Nf6 16. Qf3 Qd7 17. Bc4 Rad8 18. d5 a6 19. d6 Qc6 20. Qxc6 bxc6 21.
Bb6 Rd7 22. Bxa6 Ne4 23. Rac1 Rxd6 24. Rxd6 Nxd6 25. Rxc6 Re8 26. Rxd6 Re1+ 27.
Bf1 1-0

[Event "K41 Aabent Mesterskab 2006-07"]
[Site "Valby"]
[Date "2006.11.14"]
[Round "1"]
[White "Christensen, Esben"]
[Black "Walli, Aqil Raad"]
[Result "1/2-1/2"]
[WhiteElo "2002"]
[BlackElo "1631"]
[PlyCount "99"]
[EventDate "2006.??.??"]

1. e4 c5 2. Nf3 d6 3. d4 cxd4 4. Nxd4 Nf6 5. Nc3 Nc6 6. Be2 a6 7. a4 e6 8. Be3
Be7 9. O-O O-O 10. Kh1 d5 11. exd5 Nxd4 12. Bxd4 exd5 13. Bd3 Bg4 14. f3 Bh5
15. Qe1 Bg6 16. Bxg6 hxg6 17. Qf2 Qd6 18. Rfe1 Nd7 19. Rad1 Rfe8 20. Qg3 Qxg3
21. hxg3 Bd6 22. f4 Rxe1+ 23. Rxe1 Bb4 24. Rd1 Bxc3 25. Bxc3 Nc5 26. Rxd5 Nxa4
27. Bd4 Rc8 28. Rd7 b5 29. b3 Nc3 30. Ra7 Ne2 31. c3 Nxc3 32. Rxa6 Ne2 33. Bf2
Rc3 34. b4 Rb3 35. Bc5 Nxg3+ 36. Kh2 Ne4 37. Ra8+ Kh7 38. Rb8 Nf6 39. Rxb5 Ng4+
40. Kh1 Rb1+ 41. Bg1 Nf2+ 42. Kh2 Nd3 43. Rb7 Rxb4 44. Rxf7 Rxf4 45. Rxf4 Nxf4
46. g3 Ne6 47. Kh3 g5 48. Kg4 Kg6 49. Be3 Kf6 50. Bd2 1/2-1/2

[Event "K41 Aabent Mesterskab 2006-07"]
[Site "Valby"]
[Date "2006.11.14"]
[Round "1"]
[White "Eiholt, Bjarne"]
[Black "Akdag, Dara Sevkan"]
[Result "0-1"]
[WhiteElo "1444"]
[BlackElo "1910"]
[PlyCount "104"]
[EventDate "2006.??.??"]

1. d4 e6 2. c4 b6 3. Nc3 Bb4 4. Qc2 Bb7 5. Nf3 f5 6. Bg5 Nf6 7. e3 O-O 8. Be2
d6 9. O-O Nbd7 10. Rad1 Qe8 11. Nb5 Qb8 12. a3 Ba5 13. b4 Be4 14. Qc1 h6 15.
Bxf6 Nxf6 16. bxa5 g5 17. Nd2 Bb7 18. Bf3 c6 19. Nc3 g4 20. Be2 h5 21. Nb3 h4
22. e4 Kf7 23. e5 dxe5 24. dxe5 Qxe5 25. Rfe1 Qc7 26. Nd4 Rg8 27. Qe3 Rae8 28.
Bd3 c5 29. Ndb5 Qe7 30. Qe5 g3 31. Nd6+ Kf8 32. fxg3 Ng4 33. Qf4 Rd8 34. Nxb7
Rd4 35. Qf3 Nxh2 36. Qh5 Rxg3 37. Qh6+ Kf7 38. Kh1 Ng4 39. Qh7+ Kf8 40. Qxe7+
Kxe7 41. Kg1 h3 42. Re2 h2+ 43. Kh1 Rdxd3 44. Nd5+ Kf8 45. Rde1 exd5 46. Re8+
Kg7 47. R8e7+ Kf6 48. R7e6+ Kg5 49. Nd6 Rd2 50. Nf7+ Kh5 51. R6e2 Rxe2 52. Rxe2
Rxa3 0-1

[Event "K41 Aabent Mesterskab 2006-07"]
[Site "Valby"]
[Date "2006.11.14"]
[Round "1"]
[White "Frederiksen, Alan"]
[Black "Roder, Peter Ulrik"]
[Result "0-1"]
[WhiteElo "1638"]
[BlackElo "2029"]
[PlyCount "52"]
[EventDate "2006.??.??"]

1. d4 Nf6 2. Bg5 g6 3. Bxf6 exf6 4. e3 Bg7 5. c4 f5 6. Nc3 O-O 7. g3 d6 8. Bg2
Nd7 9. Nge2 Nf6 10. Qc2 c6 11. b4 Bd7 12. O-O Re8 13. a4 h5 14. Rfe1 h4 15. b5
hxg3 16. hxg3 Ng4 17. Nf4 Bf6 18. bxc6 bxc6 19. Nb5 cxb5 20. Bxa8 Qxa8 21. Nd5
Rc8 22. axb5 Qxd5 23. cxd5 Rxc2 24. Rxa7 Bxb5 25. Rb1 Bc4 26. Rc7 Nxf2 0-1

[Event "K41 Aabent Mesterskab 2006-07"]
[Site "Valby"]
[Date "2006.11.14"]
[Round "1"]
[White "Hagen, Andreas Skytte"]
[Black "Nielsen, Jens Holm"]
[Result "1-0"]
[WhiteElo "2259"]
[BlackElo "1780"]
[PlyCount "63"]
[EventDate "2006.??.??"]

1. Nf3 d5 2. d4 Nf6 3. c4 e6 4. Nc3 Nbd7 5. Bg5 c6 6. e3 Qa5 7. cxd5 exd5 8.
Bd3 Bb4 9. Qc2 h6 10. Bh4 O-O 11. O-O Re8 12. Rfc1 Bd6 13. a3 g5 14. Bg3 Bxg3
15. hxg3 Nf8 16. b4 Qd8 17. b5 Bd7 18. bxc6 Bxc6 19. Ne5 Re6 20. Rab1 Rb8 21.
Bf5 Rd6 22. Nb5 Bxb5 23. Rxb5 Ne6 24. Rb3 Kg7 25. Rc3 Qe8 26. Bxe6 Rxe6 27. Rc7
Re7 28. Qf5 Rd8 29. Ng4 Nxg4 30. Qxg4 Rxe3 31. fxe3 Qxe3+ 32. Kh2 1-0

[Event "K41 Aabent Mesterskab 2006-07"]
[Site "Valby"]
[Date "2006.11.14"]
[Round "1"]
[White "Ibsen, Johan"]
[Black "Madsen, Poul Henrik"]
[Result "0-1"]
[WhiteElo "1705"]
[BlackElo "2095"]
[PlyCount "98"]
[EventDate "2006.??.??"]

1. f4 d5 2. Nf3 c6 3. e3 Bg4 4. b3 Nd7 5. Bb2 Ngf6 6. Be2 Bxf3 7. Bxf3 Qc7 8.
d4 O-O-O 9. Qd3 Rg8 10. Nd2 g5 11. g3 Qa5 12. Bc3 Qa3 13. Nb1 Qd6 14. Nd2 h5
15. O-O-O e6 16. Bb2 Ng4 17. Qe2 f5 18. Bg2 Ngf6 19. Nf3 g4 20. Ne5 Qc7 21. Kb1
Qa5 22. Rc1 Nxe5 23. dxe5 Ne4 24. Bxe4 dxe4 25. Rhd1 Bc5 26. Bd4 Bxd4 27. exd4
Qc3 28. Qd2 Qxd2 29. Rxd2 Rd7 30. c4 Rgd8 31. Rcd1 e3 32. Re2 Rxd4 33. Rxd4
Rxd4 34. Kc2 h4 35. Rxe3 hxg3 36. hxg3 Rd7 37. Re2 Rh7 38. Rd2 Rh3 39. Rd3 a5
40. a4 Kc7 41. Kc3 Kb6 42. Kd4 Rh1 43. Ke3 Kc5 44. Rd6 Rh6 45. Kd3 Kb4 46. Kc2
Rh2+ 47. Kd3 Rh3 48. Rxe6 Rxg3+ 49. Kd4 c5+ 0-1

[Event "K41 Aabent Mesterskab 2006-07"]
[Site "Valby"]
[Date "2006.11.14"]
[Round "1"]
[White "Kristensen, Sascha"]
[Black "Tandrup, Michael"]
[Result "0-1"]
[WhiteElo "1345"]
[BlackElo "1866"]
[PlyCount "76"]
[EventDate "2006.??.??"]

1. d4 d5 2. Nf3 Nf6 3. Bf4 c6 4. e3 Qb6 5. Qc1 Nbd7 6. c4 e6 7. c5 Qa5+ 8. Nbd2
Ne4 9. Be2 Ndf6 10. O-O Be7 11. a3 O-O 12. b4 Qd8 13. Nb3 Nh5 14. Re1 Nxf4 15.
exf4 Bd7 16. Bd3 f5 17. Na5 Rb8 18. Qc2 Qe8 19. Ne5 Bc8 20. f3 Nf6 21. a4 Bd8
22. Nb3 Nd7 23. b5 Nxe5 24. fxe5 Qh5 25. Qd2 Bh4 26. Reb1 Bd8 27. a5 Bd7 28.
Nc1 Qh4 29. Ne2 g5 30. a6 b6 31. Qc3 Rc8 32. cxb6 Bxb6 33. Qb2 c5 34. dxc5 Rxc5
35. Kh1 Qf2 36. Ra2 Rfc8 37. Qb3 Rc1+ 38. Nxc1 Qg1# 0-1

[Event "K41 Aabent Mesterskab 2006-07"]
[Site "Valby"]
[Date "2006.11.14"]
[Round "1"]
[White "Lichtenberg, Ivan"]
[Black "Weinreich, Per C"]
[Result "0-1"]
[WhiteElo "1258"]
[BlackElo "1800"]
[PlyCount "60"]
[EventDate "2006.??.??"]

1. e4 c5 2. Nf3 d6 3. d4 cxd4 4. Nxd4 Nf6 5. Nc3 g6 6. Be3 Bg7 7. Qd2 O-O 8. h3
Nc6 9. O-O-O d5 10. Nxc6 bxc6 11. e5 Nd7 12. f4 e6 13. Na4 Qc7 14. Nc5 a5 15.
g4 a4 16. g5 Ra5 17. Nxd7 Bxd7 18. h4 Rb8 19. c4 c5 20. Qc2 Bc6 21. h5 d4 22.
Rh2 dxe3 23. hxg6 hxg6 24. Bd3 Bf3 25. Re1 Bh5 26. Rxe3 Rd8 27. Rxh5 gxh5 28.
Bh7+ Kf8 29. Rh3 Rd4 30. Rf3 Qb7 0-1

[Event "K41 Aabent Mesterskab 2006-07"]
[Site "Valby"]
[Date "2006.11.14"]
[Round "1"]
[White "Moller, Arne Vagn"]
[Black "Mikkelsen, Nikolaj"]
[Result "0-1"]
[WhiteElo "1782"]
[BlackElo "2281"]
[PlyCount "80"]
[EventDate "2006.??.??"]

1. e4 c5 2. Nf3 d6 3. d4 cxd4 4. Nxd4 Nf6 5. Nc3 a6 6. Be2 e6 7. O-O Qc7 8. Be3
Be7 9. a4 Nc6 10. Nb3 b6 11. f4 O-O 12. Bf3 Bb7 13. Qe2 Rab8 14. Qf2 Ba8 15.
Rae1 b5 16. axb5 axb5 17. Qe2 b4 18. Nb5 Qc8 19. Ra1 Re8 20. Ra4 Qb7 21. N5d4
Nxd4 22. Bxd4 Qc8 23. Rfa1 Bc6 24. Ra7 Bb5 25. Qd2 Bc4 26. Na5 e5 27. Be3 exf4
28. Bxf4 Bb5 29. Nb3 Bd8 30. Be3 Nxe4 31. Bxe4 Rxe4 32. Kh1 Bc6 33. Nd4 Bb7 34.
Nf3 Bf6 35. Bf4 Be5 36. Bxe5 dxe5 37. Qd6 Re2 38. Rd1 h6 39. c3 Bxf3 40. gxf3
Qh3 0-1

[Event "K41 Aabent Mesterskab 2006-07"]
[Site "Valby"]
[Date "2006.11.14"]
[Round "1"]
[White "Nielsen, Michael"]
[Black "Nielsen, Kai Gylling"]
[Result "1-0"]
[WhiteElo "2043"]
[BlackElo "1672"]
[PlyCount "77"]
[EventDate "2006.??.??"]

1. d4 Nf6 2. Bg5 g6 3. Bxf6 exf6 4. e3 d5 5. c4 dxc4 6. Bxc4 Bd6 7. Nc3 O-O 8.
Nf3 a6 9. Qc2 b5 10. Bd3 Bb7 11. a3 Nd7 12. Be4 c6 13. Nd2 f5 14. Bf3 Nf6 15.
O-O Qc7 16. h3 Rfe8 17. b4 Rac8 18. Rac1 Qd7 19. Nb3 Nd5 20. Nxd5 cxd5 21. Nc5
Qe7 22. Qb3 Rcd8 23. Nxb7 Qxb7 24. Bxd5 Qa7 25. Rc2 a5 26. bxa5 f4 27. a6 Re7
28. Qxb5 Bxa3 29. Qa5 Rd6 30. Bc4 fxe3 31. Qxa3 exf2+ 32. Rcxf2 Qxd4 33. Qb3
Rdd7 34. Kh1 Qa7 35. Bxf7+ Kg7 36. Be6 Rc7 37. Qb2+ Kh6 38. Qf6 Qxa6 39. Qf4+
1-0

[Event "K41 Aabent Mesterskab 2006-07"]
[Site "Valby"]
[Date "2006.11.14"]
[Round "1"]
[White "Nielsen, Soren Skovso"]
[Black "Eriksson, Christian Altenburg"]
[Result "0-1"]
[WhiteElo "1593"]
[BlackElo "1985"]
[PlyCount "86"]
[EventDate "2006.??.??"]

1. d4 Nf6 2. Nf3 g6 3. e3 Bg7 4. Be2 O-O 5. Nbd2 d6 6. b3 c5 7. Bb2 cxd4 8.
exd4 Nc6 9. O-O Bg4 10. Re1 Rc8 11. a3 a6 12. Nf1 Nh5 13. h3 Bd7 14. Qd2 Qb6
15. Rab1 Qa5 16. b4 Qc7 17. c4 e5 18. dxe5 dxe5 19. Ne3 Be6 20. Ng5 Nf4 21.
Nxe6 fxe6 22. Bg4 Rcd8 23. Qc2 Nd4 24. Qe4 Nd3 25. Bxd4 Rxd4 26. Bxe6+ Kh8 27.
Qxd4 exd4 28. Nd5 Qxc4 29. Nf4 Qc3 30. Nxd3 Qxd3 31. Bd5 b6 32. a4 Qd2 33. Bf3
d3 34. Red1 Qc3 35. Rdc1 Qd4 36. Rf1 d2 37. Bd1 Be5 38. Rb3 Bd6 39. b5 axb5 40.
Rxb5 Bc5 41. Bb3 Rxf2 42. Rxf2 Qxf2+ 43. Kh2 Bd6+ 0-1

[Event "K41 Aabent Mesterskab 2006-07"]
[Site "Valby"]
[Date "2006.11.14"]
[Round "1"]
[White "Nilsson, Erling"]
[Black "Jorgensen, Orla Eilegaard"]
[Result "1/2-1/2"]
[WhiteElo "1915"]
[BlackElo "1459"]
[PlyCount "122"]
[EventDate "2006.??.??"]

1. e4 c5 2. Nf3 d6 3. d4 cxd4 4. Nxd4 Nc6 5. Nc3 a6 6. Be3 Nxd4 7. Bxd4 Nf6 8.
Bc4 e5 9. Be3 Be7 10. Nd5 Nxd5 11. Bxd5 Qa5+ 12. c3 Qb5 13. Qd2 Bd7 14. a4 Qa5
15. Bxb7 Rb8 16. b4 Qc7 17. Bxa6 Ra8 18. b5 Qc4 19. f3 O-O 20. Kf2 Rfc8 21.
Rhc1 Bh4+ 22. g3 Be7 23. Qe2 Qe6 24. b6 Bc6 25. a5 d5 26. exd5 Qxd5 27. Bc4 Qd7
28. a6 Bd8 29. b7 Bxb7 30. axb7 Qxb7 31. Rxa8 Qxa8 32. Bd4 Bc7 33. Bxe5 Re8 34.
f4 Bb6+ 35. Ke1 Qh1+ 36. Kd2 Rd8+ 37. Kc2 Qc6 38. Rd1 Re8 39. Bb5 Qe6 40. Bxe8
Qa2+ 41. Kc1 Qxe2 42. Bd4 Bxd4 43. cxd4 Qxe8 44. d5 Qe3+ 45. Rd2 Qa3+ 46. Kd1
Qd6 47. Ke2 f5 48. Rd3 Kf7 49. h4 h6 50. Kf3 Kf6 51. Ke3 g5 52. hxg5+ hxg5 53.
fxg5+ Kxg5 54. Kd4 Kg4 55. Kc4 f4 56. gxf4 Kxf4 57. Kc3 Ke4 58. Rd4+ Ke5 59.
Rd3 Qa3+ 60. Kc2 Qxd3+ 61. Kxd3 Kxd5 1/2-1/2

[Event "K41 Aabent Mesterskab 2006-07"]
[Site "Valby"]
[Date "2006.11.14"]
[Round "1"]
[White "Ottosen, Peder"]
[Black "Ringsborg, Allan"]
[Result "1-0"]
[WhiteElo "1983"]
[BlackElo "1591"]
[PlyCount "125"]
[EventDate "2006.??.??"]

1. d4 Nf6 2. c4 g6 3. Nc3 Bg7 4. Nf3 d6 5. Bg5 O-O 6. e3 c5 7. d5 Qa5 8. Nd2
Bf5 9. Be2 a6 10. O-O Re8 11. f4 h6 12. Bh4 Nh7 13. e4 Bc8 14. Bd3 Bxc3 15.
bxc3 Qxc3 16. Nf3 Nd7 17. Be1 Qg7 18. Qc2 f6 19. Bc3 Ndf8 20. e5 g5 21. Rae1
Qf7 22. fxg5 hxg5 23. e6 Qh5 24. Be2 Qg6 25. Qd1 b5 26. Nd2 Qg7 27. cxb5 axb5
28. Bxb5 Rd8 29. Nc4 Ba6 30. a4 Ng6 31. Qd2 Ne5 32. Nxe5 dxe5 33. Ba5 Bxb5 34.
axb5 Rdb8 35. Rb1 Qf8 36. Bc7 Rb7 37. b6 Qc8 38. Ra1 Rxa1 39. Rxa1 Rxc7 40.
bxc7 Qxc7 41. Qa5 Qxa5 42. Rxa5 c4 43. Rc5 f5 44. Rxc4 Nf6 45. Rc5 Ne4 46. Rc7
Kf8 47. Kf1 Nd6 48. Ke2 e4 49. Ra7 f4 50. h3 Nf5 51. Ra4 Kg7 52. Kf2 Nd6 53.
Ke2 Kf6 54. Ra7 Nf5 55. Ra8 Kg7 56. Ra4 Kf6 57. Rxe4 Nd6 58. Kf3 Kf5 59. Ra4
Ke5 60. Ra5 Nc4 61. d6+ Kxe6 62. dxe7 Kxe7 63. Rxg5 1-0

[Event "K41 Aabent Mesterskab 2006-07"]
[Site "Valby"]
[Date "2006.11.14"]
[Round "1"]
[White "Radil, Casper"]
[Black "Hjortkjaer, Rolf"]
[Result "1-0"]
[WhiteElo "2104"]
[BlackElo "1754"]
[PlyCount "141"]
[EventDate "2006.??.??"]

1. e4 c5 2. c3 Nf6 3. e5 Nd5 4. d4 d6 5. exd6 Qxd6 6. Na3 e6 7. Nf3 a6 8. Nc4
Qc7 9. Bd3 b5 10. Nce5 Bb7 11. O-O Bd6 12. Re1 Nc6 13. a4 c4 14. Bc2 O-O-O 15.
axb5 axb5 16. Bd2 f6 17. Nxc6 Qxc6 18. b3 cxb3 19. Bxb3 Nc7 20. Qe2 e5 21. d5
Nxd5 22. c4 Nc7 23. cxb5 Qxb5 24. Bc4 Bxf3 25. gxf3 Qe8 26. Ra7 Qh5 27. Be6+
Rd7 28. Rc1 Kd8 29. Bxd7 Kxd7 30. Qb5+ Ke6 31. Raxc7 Bxc7 32. Qc4+ Kf5 33. Qe4+
Ke6 34. Rxc7 Qg6+ 35. Qxg6 hxg6 36. Rxg7 Kf5 37. Kg2 Rc8 38. Kg3 Rc2 39. Be3
Rc4 40. h4 Ra4 41. Rf7 Rc4 42. Bg5 Rc6 43. Rf8 Ra6 44. f4 exf4+ 45. Bxf4 Ra3+
46. f3 Ra4 47. Bg5 Ra6 48. Bc1 Ra4 49. Bb2 Ra6 50. Rb8 Rc6 51. Rb5+ Ke6 52. Kg4
Rc4+ 53. f4 Rc6 54. h5 gxh5+ 55. Kxh5 Kf7 56. f5 Rc7 57. Rb6 Rc2 58. Bxf6 Rf2
59. Kg4 Rf1 60. Bd4 Rd1 61. Rb7+ Kg8 62. Ba7 Rc1 63. Kg5 Rc2 64. Kg6 Rg2+ 65.
Kf6 Ra2 66. Be3 Ra3 67. Kg6 Ra8 68. Bh6 Ra6+ 69. f6 Ra8 70. f7+ Kh8 71. Bg7#
1-0

[Event "K41 Aabent Mesterskab 2006-07"]
[Site "Valby"]
[Date "2006.11.14"]
[Round "1"]
[White "Rasmussen, Morten(1956)"]
[Black "Brondum, Eric"]
[Result "1/2-1/2"]
[WhiteElo "1742"]
[BlackElo "2100"]
[PlyCount "63"]
[EventDate "2006.??.??"]

1. d4 Nf6 2. Bg5 Ne4 3. Bf4 c5 4. f3 Nf6 5. dxc5 Qa5+ 6. Qd2 Qxc5 7. Nc3 Na6 8.
e4 d6 9. Rd1 Bd7 10. Bxa6 bxa6 11. Nge2 g6 12. Be3 Qc7 13. O-O Bg7 14. Nf4 Bc6
15. b3 Rc8 16. Rf2 O-O 17. Ncd5 Qb7 18. Qe1 Rfd8 19. Re2 e6 20. Nxf6+ Bxf6 21.
Qf2 Rd7 22. Red2 Qc7 23. a4 Re8 24. Rd3 Be5 25. Ne2 Ba8 26. Bf4 Bg7 27. c4 Red8
28. Nc3 Qc6 29. Be3 Qc7 30. Bf4 Qc6 31. Be3 Qc7 32. Bf4 1/2-1/2

[Event "K41 Aabent Mesterskab 2006-07"]
[Site "Valby"]
[Date "2006.11.14"]
[Round "1"]
[White "Taylor, Ralph"]
[Black "Krull, Carl"]
[Result "1-0"]
[WhiteElo "1876"]
[BlackElo "1375"]
[PlyCount "99"]
[EventDate "2006.??.??"]

1. e4 e5 2. Nf3 Nc6 3. Bb5 a6 4. Ba4 Bc5 5. c3 Nf6 6. d4 exd4 7. cxd4 Ba7 8.
O-O O-O 9. Nc3 d6 10. h3 Ne7 11. Bg5 Nd7 12. Re1 f6 13. Bb3+ Kh8 14. Bf4 Ng6
15. Bg3 Nb6 16. Qd2 c6 17. Rad1 Qe7 18. a4 c5 19. dxc5 dxc5 20. a5 Nd7 21. Nd5
Qf7 22. Qc2 Nde5 23. Nb6 Nxf3+ 24. gxf3 Be6 25. Bxe6 Qxe6 26. Nxa8 Qxh3 27. Nb6
Bb8 28. Qxc5 Bxg3 29. fxg3 Qxg3+ 30. Kf1 Qxf3+ 31. Qf2 Qh1+ 32. Ke2 Qh5+ 33.
Kd2 Qxa5+ 34. Kc1 Ne5 35. Kb1 Nc6 36. Rd5 Qb4 37. Nd7 Rc8 38. Qd2 Qb3 39. Re3
Qc4 40. Nb6 Qf1+ 41. Re1 Qh3 42. Nxc8 Qxc8 43. Rc1 g5 44. Rd7 Qe8 45. Rxc6
Qxe4+ 46. Rc2 g4 47. Kc1 Qh1+ 48. Qd1 Qh6+ 49. Kb1 Qg6 50. Ka1 1-0

[Event "K41 Aabent Mesterskab 2006-07"]
[Site "Valby"]
[Date "2006.11.14"]
[Round "1"]
[White "Truelsen, Ole Illum"]
[Black "Edholm, Tommy"]
[Result "1-0"]
[WhiteElo "1786"]
[BlackElo "1138"]
[PlyCount "71"]
[EventDate "2006.??.??"]

1. c4 e5 2. Nc3 Nf6 3. g3 d5 4. cxd5 Nxd5 5. Bg2 Nb6 6. e3 Be6 7. Bxb7 N8d7 8.
Bxa8 Qxa8 9. f3 Be7 10. d4 exd4 11. exd4 Nf6 12. Kf2 Nbd5 13. Nge2 O-O 14. b3
Qc6 15. Bb2 Bh3 16. Nxd5 Nxd5 17. Qc1 Qf6 18. Nf4 Nxf4 19. Qxf4 Qb6 20. Rhe1
Bb4 21. Red1 Bd6 22. Qh4 Be6 23. Kg2 Qc6 24. Rac1 Qd5 25. Qe4 Qh5 26. d5 Bd7
27. Qd4 f6 28. Qf2 Re8 29. a4 Bb4 30. Rxc7 Rd8 31. Qxa7 Qf5 32. g4 Qg6 33. Qf2
h5 34. h3 Bd6 35. Qc2 Qg5 36. Rxd7 1-0

[Event "K41 Aabent Mesterskab 2006-07"]
[Site "Valby"]
[Date "2006.11.21"]
[Round "2"]
[White "Akdag, Dara Sevkan"]
[Black "Hagen, Andreas Skytte"]
[Result "1-0"]
[WhiteElo "1910"]
[BlackElo "2259"]
[PlyCount "71"]
[EventDate "2006.??.??"]

1. d4 e6 2. c4 Nf6 3. Nf3 Bb4+ 4. Bd2 Qe7 5. g3 O-O 6. Bg2 Nc6 7. a3 Bxd2+ 8.
Qxd2 a5 9. Nc3 d6 10. O-O e5 11. Nd5 Nxd5 12. cxd5 Nb8 13. dxe5 dxe5 14. Qc3 f6
15. Rac1 c6 16. Rfd1 cxd5 17. Nxe5 Qxe5 18. Bxd5+ Kh8 19. Qxc8 Nc6 20. Qxb7 Nd4
21. Rc7 Rfb8 22. Re7 Rxb7 23. Rxe5 fxe5 24. Bxb7 Rb8 25. e3 Ne6 26. Rc1 a4 27.
Rc6 Ng5 28. Rc8+ Rxc8 29. Bxc8 Ne4 30. f4 exf4 31. gxf4 g6 32. Bd7 Nc5 33. Bc6
Kg7 34. Kf2 Nd3+ 35. Ke2 Nxb2 36. Bd5 1-0

[Event "K41 Aabent Mesterskab 2006-07"]
[Site "Valby"]
[Date "2006.11.21"]
[Round "2"]
[White "Brondum, Eric"]
[Black "Sorensen, Hans Erik Then"]
[Result "1-0"]
[WhiteElo "2100"]
[BlackElo "1544"]
[PlyCount "37"]
[EventDate "2006.??.??"]

1. d4 f5 2. Nc3 Nf6 3. Bg5 e6 4. e4 fxe4 5. Nxe4 Be7 6. Nxf6+ Bxf6 7. h4 O-O 8.
Bd3 Qe8 9. Nf3 Nc6 10. c3 d6 11. Qc2 g6 12. h5 Ne7 13. O-O-O Kg7 14. hxg6 Bxg5+
15. Nxg5 h6 16. Nf7 Rxf7 17. gxf7 Qxf7 18. Qd2 Ng8 19. Rh3 1-0

[Event "K41 Aabent Mesterskab 2006-07"]
[Site "Valby"]
[Date "2006.11.21"]
[Round "2"]
[White "Eriksson, Christian Altenburg"]
[Black "Abildgaard, Kenneth"]
[Result "1-0"]
[WhiteElo "1985"]
[BlackElo "1470"]
[PlyCount "63"]
[EventDate "2006.??.??"]

1. e4 e5 2. Nf3 Nc6 3. Bb5 a6 4. Ba4 Bc5 5. O-O Qe7 6. c3 b5 7. Bb3 Na5 8. Bc2
Bb6 9. d4 d6 10. Re1 Bg4 11. a4 Rc8 12. h3 Bh5 13. axb5 axb5 14. Qd3 c6 15. d5
Bxf3 16. Qxf3 c5 17. Qg4 Rb8 18. Qxg7 Qf6 19. Qxf6 Nxf6 20. Na3 Bc7 21. Nxb5
Rxb5 22. Ba4 Nd7 23. Bxb5 Ke7 24. Be3 Rb8 25. c4 Bb6 26. Ra3 Nb7 27. Bg5+ f6
28. Bd2 Nf8 29. Rg3 Ng6 30. h4 Kf7 31. h5 Ne7 32. Bd7 1-0

[Event "K41 Aabent Mesterskab 2006-07"]
[Site "Valby"]
[Date "2006.11.21"]
[Round "2"]
[White "Hou, Mads"]
[Black "Christensen, Esben"]
[Result "0-1"]
[WhiteElo "1537"]
[BlackElo "2002"]
[PlyCount "106"]
[EventDate "2006.??.??"]

1. d4 Nf6 2. c4 c5 3. d5 b5 4. cxb5 a6 5. Nc3 g6 6. e4 d6 7. Bf4 Nbd7 8. Bc4
Bg7 9. Nf3 Ng4 10. O-O O-O 11. h3 Nge5 12. Nxe5 Nxe5 13. Bxe5 Bxe5 14. bxa6
Bxa6 15. Bxa6 Rxa6 16. Qc2 Qb6 17. Rab1 Rb8 18. Kh1 Qb4 19. Rfe1 Qc4 20. Rbc1
Bxc3 21. Qxc3 Qxc3 22. bxc3 Rxa2 23. Kg1 Rbb2 24. Rf1 Rc2 25. Rxc2 Rxc2 26. Ra1
Rxc3 27. Ra7 Rc1+ 28. Kh2 Kf8 29. Kg3 f5 30. exf5 Rd1 31. fxg6 hxg6 32. Kf3
Rxd5 33. Ke3 Kf7 34. Ra4 Re5+ 35. Kd3 Re1 36. Kd2 Rb1 37. Rf4+ Ke6 38. Kc3 d5
39. h4 d4+ 40. Kc2 Rb6 41. Re4+ Kd6 42. g4 e5 43. f4 exf4 44. Rxf4 Ke5 45. Rf8
Rf6 46. Rc8 Kd5 47. Rd8+ Kc4 48. Rg8 Rf2+ 49. Kd1 Rh2 50. h5 gxh5 51. g5 Kd3
52. Kc1 c4 53. g6 c3 0-1

[Event "K41 Aabent Mesterskab 2006-07"]
[Site "Valby"]
[Date "2006.11.21"]
[Round "2"]
[White "Jorgensen, Orla Eilegaard"]
[Black "Jorgensen, Kasper Moller"]
[Result "1-0"]
[WhiteElo "1459"]
[BlackElo "1930"]
[PlyCount "99"]
[EventDate "2006.??.??"]

1. f4 d5 2. Nf3 Bg4 3. e3 Nc6 4. Bb5 e6 5. b3 Nge7 6. Bb2 a6 7. Be2 Bxf3 8.
Bxf3 Ng6 9. d3 Bc5 10. Qe2 O-O 11. Nd2 Nb4 12. Nb1 Bxe3 13. g3 e5 14. a3 exf4
15. axb4 Re8 16. Kd1 Qd6 17. Qg2 c6 18. Bc3 Re7 19. Nd2 Rae8 20. Re1 d4 21. Ne4
Qc7 22. Bd2 Qb6 23. Nd6 Rd8 24. Nc4 Qc7 25. Kc1 f5 26. Kb2 b5 27. Na5 Ne5 28.
gxf4 Nxf3 29. Qxf3 Bxd2 30. Rxe7 Bc3+ 31. Ka2 Qxe7 32. Nxc6 Qd6 33. Rg1 Rc8 34.
Qg2 g6 35. Ne5 Bxb4 36. Kb1 Bc3 37. Qb7 Rc7 38. Qb8+ Kg7 39. Qe8 Qa3 40. Rxg6+
hxg6 41. Qxg6+ Kf8 42. Qf6+ Ke8 43. Qe6+ Kd8 44. Qd5+ Ke7 45. Qf7+ Kd6 46. Qf8+
Re7 47. Qf6+ Re6 48. Qd8+ Kc5 49. Qf8+ Rd6 50. Nd7+ 1-0

[Event "K41 Aabent Mesterskab 2006-07"]
[Site "Valby"]
[Date "2006.11.21"]
[Round "2"]
[White "Kristensen, Steffen Michael"]
[Black "Ibsen, Johan"]
[Result "0-1"]
[WhiteElo "1275"]
[BlackElo "1705"]
[PlyCount "62"]
[EventDate "2006.??.??"]

1. e4 e6 2. d4 d5 3. Nc3 Nf6 4. Bg5 Be7 5. Bxf6 Bxf6 6. e5 Be7 7. Bd3 c5 8. Qg4
O-O 9. Nf3 cxd4 10. Ne2 Nc6 11. O-O-O f6 12. Bxh7+ Kxh7 13. Qh5+ Kg8 14. Nexd4
Qe8 15. Qh3 f5 16. g4 f4 17. Qg2 Nxd4 18. Rxd4 Bd7 19. g5 Qh5 20. h4 Bc6 21.
Qh3 Rf5 22. Rg1 Bc5 23. Rd2 g6 24. Nh2 Kf7 25. Qc3 Bb6 26. Nf3 Rc8 27. Qb4 Qxf3
28. h5 Qxh5 29. b3 Qh8 30. Re2 d4 31. Qd2 Qf8 0-1

[Event "K41 Aabent Mesterskab 2006-07"]
[Site "Valby"]
[Date "2006.11.21"]
[Round "2"]
[White "Madsen, Poul Henrik"]
[Black "Andersen, Niels Erik"]
[Result "1/2-1/2"]
[WhiteElo "2095"]
[BlackElo "1860"]
[PlyCount "105"]
[EventDate "2006.??.??"]

1. d4 d5 2. Nf3 Nf6 3. e3 e6 4. Bd3 c5 5. b3 Nc6 6. Nbd2 Be7 7. O-O O-O 8. Bb2
Qc7 9. a3 cxd4 10. exd4 Qf4 11. Re1 Ng4 12. h3 Nf6 13. Ne5 Nxe5 14. dxe5 Nd7
15. Nf3 Qh6 16. c4 dxc4 17. Bxc4 Nb6 18. Rc1 Bd7 19. Bd3 Bc6 20. Be4 Rfd8 21.
Qe2 Bxe4 22. Qxe4 Nd5 23. Rc4 g6 24. Rd1 Qf8 25. a4 Rdc8 26. Nh2 a6 27. Ng4 b5
28. Rcd4 Nc3 29. Bxc3 Rxc3 30. Rd7 Rac8 31. Qb7 Rc1 32. Qxa6 Rxd1+ 33. Rxd1
bxa4 34. bxa4 Bg5 35. Qd6 Qe8 36. Qd7 Qxd7 37. Rxd7 Rc1+ 38. Kh2 Kg7 39. Rd4 h5
40. Ne3 Bxe3 41. fxe3 Rc3 42. Re4 g5 43. Kg3 Kg6 44. Kf3 Ra3 45. h4 g4+ 46. Kf4
Ra2 47. Kg3 Ra3 48. Kh2 Rb3 49. Kg3 Ra3 50. Kf4 Ra2 51. Kg3 Ra3 52. Kf2 Ra2+
53. Kg3 1/2-1/2

[Event "K41 Aabent Mesterskab 2006-07"]
[Site "Valby"]
[Date "2006.11.21"]
[Round "2"]
[White "Mikkelsen, Nikolaj"]
[Black "Ottosen, Peder"]
[Result "1/2-1/2"]
[WhiteElo "2281"]
[BlackElo "1983"]
[PlyCount "83"]
[EventDate "2006.??.??"]

1. e4 c6 2. d4 d5 3. Nc3 dxe4 4. Nxe4 Bf5 5. Ng3 Bg6 6. h4 h6 7. Nf3 Nd7 8. h5
Bh7 9. Bd3 Bxd3 10. Qxd3 Qc7 11. Bd2 Ngf6 12. O-O-O e6 13. Ne4 Nxe4 14. Qxe4
Nf6 15. Qe2 O-O-O 16. g3 Bd6 17. Kb1 Kb8 18. c4 c5 19. Bc3 Ka8 20. dxc5 Bxc5
21. Ne5 Rhf8 22. f4 Qb6 23. Rxd8+ Qxd8 24. Rd1 Qc7 25. Rd3 a6 26. g4 Bd6 27. b4
Qb6 28. c5 Bxc5 29. Nc4 Qb5 30. a4 Qxa4 31. bxc5 Qb5+ 32. Bb2 Qxc5 33. Qc2 Nd5
34. Bd4 Qb4+ 35. Rb3 Qe1+ 36. Kb2 Rd8 37. Nd6 Nb4 38. Qc3 Qe2+ 39. Kb1 Qd1+ 40.
Kb2 Qe2+ 41. Kb1 Qd1+ 42. Kb2 1/2-1/2

[Event "K41 Aabent Mesterskab 2006-07"]
[Site "Valby"]
[Date "2006.11.21"]
[Round "2"]
[White "Naes, Flovin Tor"]
[Black "Rasmussen, Morten(1956)"]
[Result "1-0"]
[WhiteElo "2227"]
[BlackElo "1742"]
[PlyCount "51"]
[EventDate "2006.??.??"]

1. e4 e5 2. Nf3 Nf6 3. Nc3 Bb4 4. Bc4 O-O 5. Nd5 Nxd5 6. exd5 e4 7. Nd4 Bc5 8.
Nb3 Bb6 9. O-O d6 10. d3 Bf5 11. d4 Nd7 12. c3 Qh4 13. Be3 Bg4 14. Be2 Bxe2 15.
Qxe2 f5 16. f4 Kh8 17. c4 c6 18. c5 Bc7 19. dxc6 bxc6 20. cxd6 Bxd6 21. Rac1
Rfc8 22. Na5 Qf6 23. Nxc6 Bxf4 24. Rxf4 g5 25. Rff1 f4 26. d5 1-0